00502 a2200157 4500010001400000020002400014035001300038037001500051082001100066245007800077260004000155270006000195300002700255490004700282700001500329 aENG-86612 a817371567Xc1000.00 aEN-70145 bDBAD / PUB14a620.111 aFrontiers in the design of materials /cedited by Baldev Raj ... [et al.] aHyderabadbUniversities Pressc2007 a3-5-819, Hyderguda,bHyderabade500 029cAndhra Pradesh axviii, 374pc25cm (Hb) aSeries in metallurgy and materials science aBaldev Raj